Представление документа в формате RUSMARC

Поле Инд. ПП Название Значение
Тип записи a
Библиографический уровень a
001 Контрольный номер be129516fca04e99992a1a32462f507e
005 Дата корректировки 20190127081220.4
100 a Данные общей обработки 20190122 ||| 0rusy0189 ca
101 0_ a Язык текста rus
102 a Страна публикации RU
200 1_ f Первые сведения об ответственности С.Л. Дегтярев
a Заглавие Действие принципов справедливости и соразмерности ответственности при возмещении убытков
b Общее обозначение материала Текст
210 1_ d Дата издания 2018
461 _0 1 2000
a Арбитражный и гражданский процесс
463 _0 1 2000
a № 12
v С. 56-57
1 2101
d 2018
1 0013516893b297b4098a819b35a081de238
606 a Основная рубрика Гражданское и торговое право
610 0_ a Ключевые слова СУДЕБНОЕ РЕШЕНИЕ
a Ключевые слова ВОЗМЕЩЕНИЕ УБЫТКОВ
a Ключевые слова ПРИНЦИПЫ ПРАВА
700 _1 a Фамилия Дегтярев
b Имя С.Л.
801 _0 a Страна RU
b Организация РГУП
c Дата составления 20190122
g Правила каталогизации PSBO
801 _1 a Страна RU
b Организация РГУП
c Дата составления 20190122
g Правила каталогизации PSBO
901 t Тип документа b
w Контрольный № источника 3516893b297b4098a819b35a081de238
905 a Дата ввода 20190122